000 00743nam a2200265Ia 4500
003 OSt
005 20221005084415.0
006 a|||||r|||| 00| 0
007 ta
008 221004b |||||||| |||| 00| 0 eng d
020 _a0123797608
024 _a48764
037 _cTextual
040 _aCRL
_cCRL
_beng
041 _2eng
_aeng
082 _a2:7, M0
100 _aJahoda Gerald
_946581
245 0 _aLibrarian and reference queries
_b A systematic approach
260 _aNew York
_bAcademic Press USA
_c1980
300 _a175p.
_ccm.
650 _aLIBRARY SCIENCE
700 _a Braunagel Judith Schick
_9613294
942 _h2:7, M0
_cTEXL
_2cc
999 _c992556
_d992556